Statistics for Largest Lake in Each U.S. State

Click here to take the quiz!

General Stats

  • This quiz has been taken 20 times
    (7 since last reset)
  • The average score is 8 of 50

Answer Stats

State Lake % Correct
MichiganSuperior
80%
IllinoisMichigan
80%
MinnesotaSuperior
80%
OhioErie
80%
UtahGreat Salt
60%
New YorkErie
60%
WisconsinSuperior
60%
IndianaMichigan
60%
South DakotaOahe
40%
VermontChamplain
20%
FloridaOkeechobee
20%
NevadaMead
20%
North DakotaOahe
20%
CaliforniaSalton
20%
TennesseeKentucky
20%
ArizonaPowell
20%
MissouriHarry S. Truman
20%
LouisianaPontchartrain
20%
MaineMoosehead
20%
PennsylvaniaErie
20%
OregonUpper Klamath
0%
OklahomaEufaula
0%
AlabamaGuntersville
0%
Rhode IslandScituate
0%
South CarolinaMarion
0%
TexasToledo Bend
0%
VirginiaJohn H. Kerr
0%
WashingtonFranklin D. Roosevelt
0%
West VirginiaSummersville
0%
North CarolinaJohn H. Kerr
0%
MontanaFort Peck
0%
New MexicoElephant Butte
0%
IowaRed Rock
0%
ArkansasBull Shoals
0%
ColoradoBull Mesa
0%
ConnecticutCandlewood
0%
DelawareLums
0%
GeorgiaStrom Thurmond
0%
HawaiiHalalii
0%
IdahoPend Oreille
0%
KansasMilford
0%
New JerseyHopatcong
0%
KentuckyKentucky
0%
MarylandDeep Creek
0%
MassachusettsQuabbin
0%
MississippiPickwick
0%
AlaskaIliamna
0%
NebraskaMcConaughy
0%
New HampshireWinnipesaukee
0%
WyomingYellowstone
0%

Score Distribution

Percentile by Number Answered

Percent of People with Each Score

Your Score History

You have not taken this quiz since the last reset